00581nam a2200169 a 4500008004100000050001500041100001800056245003000074260000900104300002000113350000900133650000900142650001900151995009300170999001700263952013100280120416s1983 xx |||||||||||||| || u aHD 111 Lea aLean, William10aAspects of land economics c1983 aix, 414p. : ill a0.00 aLAND aLAND ECONOMICS D0.00FCBU-MAIN LIBRARY (Kitwe)H1I0.00M1UDAMAGEDZMain Library Open Access Collection c34916d34916 00102lcc4070a001b001cMain Library Open Access Collectiond2022-11-30l0oHD 111 Leap004723r2022-11-30w2022-11-30y002